Logos des clubs de football par lettre - H - Statistiques

Statistiques générales
  • Ce quiz a été pris 110 fois
  • Le résultat moyen est 7 sur 16
Statistiques - réponses
Par images Réponse % Correct
Hambourg SV
96%
Hull City
84%
Hoffenheim
78%
Hellas Vérone
76%
Hanovre 96
68%
Hertha Berlin
68%
Hearts of Midlothians
42%
Hajduk Split
39%
Huddersfield Town
34%
Hibernian
32%
SC Heerenveen
32%
Houston Dynamo
30%
HJK
28%
Heracles Almelo
24%
Huracán
10%
Honvéd
2%
Aucun quiz correspondant
Distribution des résultats
% des personnes avec chaque résultat
Percentile par nombre de réponses
Votre historique - résultats
Vous n’avez pas pris ce quiz